| 000 | 00483 a2200169 4500 | ||
|---|---|---|---|
| 003 | Nust | ||
| 005 | 20230810145227.0 | ||
| 008 | 230810b ||||| |||| 00| 0 eng d | ||
| 040 | _cNust | ||
| 082 | _a297,BRA | ||
| 100 |
_aHazrat Imam Ahmed Raza Khan Brahwlai _9114088 |
||
| 245 |
_aKinz Ul Iman Trjama Quran / _cHazrat Imam Ahmed Raza Khan Brahwlai |
||
| 260 |
_aLahore _bZia Ul Quran |
||
| 300 | _a1144 pages | ||
| 538 | _aAlmirah No.65 Shelf No.2 | ||
| 942 |
_2ddc _cBK _k297,BRA |
||
| 999 |
_c194097 _d194097 |
||